000 00276nam a2200109Ia 4500
008 200302s9999 xx 000 0 und d
100 _aJames Steele
245 _aArchitectural Monographs Hassan Fathy
260 _bAcademy Editions Group Ltd.
260 _c1988
300 _a149 P.,
999 _c867
_d867